Statistiques concernant Pays les plus proches du Tchad - une minute sprint

Cliquez ici pour prendre le quiz!

Statistiques générales

  • Ce quiz a été pris 78 fois
  • Le résultat moyen est 14 sur 20

Statistiques - réponses

kmpays% Correct
0Libye
95%
0Soudan
95%
312Algérie
93%
0Niger
92%
0Nigeria
90%
293Égypte
87%
167Soudan du Sud
87%
1018Mali
83%
0République Centrafricaine
80%
961Tunisie
80%
0Cameroun
77%
337République démocratique
du Congo
77%
432Congo
75%
1159Éthiopie
65%
1336Érythrée
57%
636Gabon
48%
1205Ouganda
43%
1237Burkina Faso
40%
754Guinée équatoriale
37%
1103Sao Tomé-et-Principe
18%

Distribution des résultats

Percentile par nombre de réponses

% des personnes avec chaque résultat

Votre développement - résultats

Vous n’avez pas pris ce quiz